Responses for Show #3886 - Monday, June 25, 2001

Lan Djang game 4.

Contestants

[<< previous game]

Kris Springer, a children's librarian from Brighton, Massachusetts

Gary Rewerts, a geological exploration technician from Houston, Texas

Lan Djang, a business analyst from Toronto, Ontario (whose 3-day cash winnings total $27,300)

[next game >>]

Jeopardy! Round responses

THE SOUTHERNMOST CAPITAL CITY
NANCY
SIN-EMA
THEY SAID IT
NEW ENGLISH NOBILITY?
WHERE IS EVERY "BODY"?
    $100 12
Lisbon

Gary
    $100 22
Nancy Drew

Lan
    $100 1
(Gary: What is Thieves?)

Thief

GaryKris
    $100 5
Temptation

Triple Stumper
    $100 18
John Wayne

Kris
    $100 7
Busybody

Kris
    $200 13
Wellington

Lan
    $200 23
Nancy Sinatra

Lan
    $200 2
Se7en

Lan
    $200 14
Benjamin Franklin

Gary
    $200 19
Earl Monroe

Gary
    $200 8
Bodybuilding

Kris
    $300 28
Khartoum

Lan
    $300 24
(Kris: Who is Spike?)
...
(Alex: With about a minute to go.)

Sluggo

GaryKris
    $300 3
Adultery

Lan
    $300 15
Psychiatrist

Lan
    $300 20
Jack Lord

Kris
    $300 9
Bodysurfing

Gary
    $400 29
Manila

Lan
    $400 25
Nancy Marchand

Lan
    $400 4
Liar Liar

Kris
    $400 16
Robert Burns

Kris
    $400 21
"Lady Day"

Lan
    $400 10
Homebody

Gary
    $500 30
(Kris: What is Nassau?)

Kingston

GaryKris
    $500 26
Three Men and a Baby

Lan
    $500 6
A serial killer

Gary
    $500 17
"One if by land, two if by sea"

Triple Stumper
    $500 27
Earl Warren

Kris
    $800 11
Antibody

Gary

Scores at the first commercial break (after clue 13):

Lan Gary Kris
$700 $2,000 $800

Scores at the end of the Jeopardy! Round:

Lan Gary Kris
$3,300 $3,200 $1,300

Double Jeopardy! Round responses

19th CENTURY AMERICANS
TV NOSTALGIA
WRITERS' HUSBANDS
LOST VEGAS
WHAT KIND OF SHAPE ARE YOU IN?
BEFORE & AFTER
    $200 1
Brigham Young

Lan
    $200 2
Washington

Gary
    $200 15
Carl Friedan

Gary
    $200 11
Luxor

Lan
    $200 16
Circle

Lan
    $200 25
Sammy Hagar the Horrible

Lan
    $400 7
William Wrigley

Lan
    $400 3
(Gary: What is Mix?)

Gene Autry

GaryKris
    $400 12
New Year's Eve

Kris
    $400 19
Square

Lan
    $400 28
(Lan: Who is St. Thomas Edison?)
...
[The end-of-round signal sounds.]

Doubting Thomas Edison

LanGary
    $600 8
Mathew Brady

Lan
    $600 4
Family Affair

Gary
    $300 27
(Lan: [No response])

Michael Huffington

Lan
    $600 13
Debbie Reynolds

Triple Stumper
    $600 17
Triangle

Lan
    $600 26
Kiss Me, Kate Mulgrew

Lan
    $800 9
Stephen Foster

Triple Stumper
    $1,500 5
(Alex: The one who wrote the book.)

James Michener

Gary
    $800 22
Karen Blixen (Isak Dinesen)

Triple Stumper
    $800 14
Thunderbird

Kris
    $800 18
(Lan: What is a trapezoid?)

a parallelogram

LanGary
    $800 23
(Alex: With a minute to go.)

Go West Young Man of La Mancha

Lan
    $1000 10
Oliver Wendell Holmes

Triple Stumper
    $1000 6
Christie Love

Triple Stumper
    $1000 21
Sahara

Lan
    $1000 20
a trapezoid

Gary
    $1000 24
Wilma Rudolph the Red-Nosed Reindeer

Kris

Scores at the end of the Double Jeopardy! Round:

Lan Gary Kris
$7,000 $7,500 $3,900

[wagering suggestions for these scores]

Final Jeopardy! Round responses

OPERATIC TITLE CHARACTERS
KrisWho are the fairies
$3,899
LanWho are the Nibelung?
$6,000
GaryWho?
$6,501
The Nibelung

Final scores:

Lan Gary Kris
$13,000 $999 $1
4-day champion: $40,300 2nd place: a trip to La Costa Resort & Spa, San Diego 3rd place: a Fisher Sound Stage home theater system

Game dynamics:

Coryat scores:

Lan Gary Kris
$7,300 $6,500 $3,900
22 R,
3 W
(including 1 DD)
16 R
(including 2 DDs),
2 W
12 R,
2 W

Combined Coryat: $17,700

[game clues] [game scores] [suggest correction]

Game tape date: 2001-03-06
The J! Archive is created by fans, for fans. Scraping, republication, monetization, and malicious use prohibited; this site may use cookies and collect identifying information. See terms. The Jeopardy! game show and all elements thereof, including but not limited to copyright and trademark thereto, are the property of Jeopardy Productions, Inc. and are protected under law. This website is not affiliated with, sponsored by, or operated by Jeopardy Productions, Inc. Join the discussion at JBoard.tv.